000 00594nam a22002057a 4500
999 _c1352
_d1352
003 AR-CdUCM
008 190226b ||||| |||| 00| 0 spa d
040 _aMUNICIPALIDAD PROVINCIAL DEL CUSCO
_cBIBLIOTECA MUNICIPAL DEL CUSCO
041 _heng
082 _a327.73 /
_bD18
100 _aDavies, Joseph E.
_95174
245 _aMisión en Moscu /
260 _aMéxico :
_bNuevo Mundo ,
_c1941.
300 _a485 páginas ;
_c23 cm.
505 _aMisión en Moscu.
650 _aMoscu
_95175
700 _aUsigli, Rodolfo (traductor)
_95176
942 _2ddc
_cLIBROS
945 _awfj
_d2019-02-26